000
00224 a2200097 4500
001
46662
100
_a
Digest, R
245
_a
Family word finder
260
_a
New York
_b
Reader's digest assocation
_c
090
_c
29762
_d
29762
942
_a
NUST-CAE
_c
M
_c
21960
999
_c
281735
_d
281735